| 000 | 00457cam a22001694a 4500 | ||
|---|---|---|---|
| 020 | _a0073655783 | ||
| 040 | _cDLC | ||
| 082 | 0 | 0 | _a005 HIL 2000 A004 Or. |
| 100 | 1 | _aPressman, Roger S. | |
| 245 | 1 | 0 |
_aSoftware engineering : _ba practitioner's approach / |
| 250 | _a5th ed. | ||
| 260 |
_aBoston, Mass. : _bMcGraw Hill, _c2000. |
||
| 300 |
_axxvii, 860 p. : _bill. ; _c24 cm. |
||
| 500 | _aIncludes index. | ||
| 650 | 0 | _aSoftware engineering. | |
| 942 | _cEK | ||
| 999 |
_c15625 _d15625 |
||